000 00518nmm a2200169Ia 4500
008 251105s9999||||xx |||||||||||||||||und||
020 _a9788499215709
041 _aspa
100 _aQueralt Catà, Enric (coord.)
245 0 _aLa biblioteca mediateca : educación infantil y primaria :
_b Propuesta de trabajo
264 _a[Madrid, España] :
_bOctaedro,
_c2014
300 _a208 páginas
490 _aDosieres
650 _aEducation
856 _uhttps://public.digitaliapublishing.com/a/41954
942 _cCF
999 _c92517
_d92517